| 000 | 00630nam a22002177a 4500 | ||
|---|---|---|---|
| 003 | BR-BrBNA | ||
| 005 | 20230831140823.0 | ||
| 008 | 230831b bl.||||| |||| 00| 0 por d | ||
| 040 |
_aBR-BrBNA _bpor |
||
| 041 | _apor | ||
| 072 | _aD10 | ||
| 100 | _aEncontro de representante setoriais da comissão de ética pública. | ||
| 245 | _aÉtica como instrumento de gestão: IV encontro de representantes setoriais da comissão de ética pública. / | ||
| 260 |
_aBrasília: _bESAF, _c2003. |
||
| 300 | _a101 p. | ||
| 650 | _aÉTICA | ||
| 650 | _aGESTÃO | ||
| 909 |
_a08/2023 _bSarah |
||
| 942 | _cBK | ||
| 999 |
_c9940 _d9940 |
||